AN ASSESSMENT OF THE CAUSES OF UNETHICAL PROCUREMENT PROCESS IN THE POLICE SERVICE (Record no. 215960)

MARC details
000 -LEADER
fixed length control field 00391nam a22001097a 4500
008 - FIXED-LENGTH DATA ELEMENTS--GENERAL INFORMATION
fixed length control field 250725b |||||||| |||| 00| 0 eng d
050 ## - LIBRARY OF CONGRESS CALL NUMBER
Classification number THE KF 27. T37 2016
Item number C.1
100 ## - MAIN ENTRY--PERSONAL NAME
Personal name TARUS, MOSES KIPKOSGEI
245 ## - TITLE STATEMENT
Title AN ASSESSMENT OF THE CAUSES OF UNETHICAL PROCUREMENT PROCESS IN THE POLICE SERVICE
Remainder of title A CASE OF MASABA NORTH SUB-COUNTY HEADQUARTERS
942 ## - ADDED ENTRY ELEMENTS (KOHA)
Source of classification or shelving scheme Library of Congress Classification
Koha item type Reference

No items available.